[Event "45th Olympiad 2024"]
[Site "Budapest HUN"]
[Date "2024.09.13"]
[Round "3.60"]
[Board "2"]
[White "Silva, David"]
[Black "Amarathunga, Kosala Sandeepa Chamikara"]
[Result "1-0"]
[WhiteElo "2363"]
[BlackElo "1956"]
[PlyCount "77"]
[EventDate "2024.09.11"]
[WhiteTeam "Angola"]
[BlackTeam "Sri Lanka"]
[WhiteTeamCountry "ANG"]
[BlackTeamCountry "SRI"]

1. e4 e6 2. Qe2 c5 3. Nf3 Nc6 4. g3 g6 5. Bg2 d6 6. O-O Bg7 7. c3 Nge7 8. Rd1 e5 9. Na3 O-O 10. Nc2 Qb6 11. Ne3 h6 12. d3 Be6 13. Nh4 Rae8 $146 ({RR} 13... Rad8 14. Nd5 Bxd5 15. exd5 Nb8 16. g4 Nd7 17. c4 Rde8 18. Kh1 Nf6 19. h3 Qd8 20. Qf3 Nh7 21. Qg3 Qd7 22. Rg1 g5 23. Nf3 f5 {½-½ Djordjevic,M (2305)-Ris,B (2130) YUG-chT Vrnjacka Banja 1996}) ({RR} 13... Kh7 14. Nd5 Qd8 15. Qe1 f5 16. f4 Bg8 17. Nxe7 Qxe7 18. Be3 Rad8 19. Rd2 Be6 20. Nf3 d5 21. exf5 Bxf5 22. fxe5 d4 23. cxd4 cxd4 24. Bf2 Bg4 25. Qe4 Bxf3 26. Bxf3 Nxe5 27. Bg2 Qg5 28. Rc2 {0-1 Munteanu,D (2110)-Ciubara,V (2062) ROM-chT Tusnad 2004 (4.10)}) 14. Rf1 f5 15. Nd5 Bxd5 16. exd5 Nb8 17. Rb1 a5 18. Qd1 Nd7 19. b4 axb4 20. cxb4 Nf6 21. Be3 Qc7 22. bxc5 dxc5 23. Qb3 Qd6 24. Rfc1 Nd7 25. f4 exf4 26. Bxf4 Ne5 27. Nf3 Kh7 28. Kh1 Nc8 29. d4 cxd4 30. Nxd4 Rf7 31. Ne6 Bf6 32. Re1 g5 33. Bxe5 Bxe5 34. Qe3 Bf6 35. Nxg5+ Bxg5 36. Qxe8 Rc7 37. Re6 Qd7 38. Qg6+ Kh8 39. Re8+ 1-0

[Event "45th Olympiad 2024"]
[Site "Budapest HUN"]
[Date "2024.09.13"]
[Round "3.60"]
[Board "4"]
[White "Domingos, Catarino"]
[Black "Bandara, Dhanushka"]
[Result "1/2-1/2"]
[WhiteElo "2229"]
[BlackElo "1903"]
[PlyCount "176"]
[EventDate "2024.09.11"]
[WhiteTeam "Angola"]
[BlackTeam "Sri Lanka"]
[WhiteTeamCountry "ANG"]
[BlackTeamCountry "SRI"]

1. Nf3 {Marin,Mihail} Nf6 2. g3 d5 3. Bg2 c5 4. O-O Nc6 5. d4 e6 6. c4 dxc4 7. dxc5 Qxd1 8. Rxd1 Bxc5 9. Nbd2 c3 10. bxc3 e5 ({RR} 10... O-O 11. Ne1 ({RR} 11. Nb3 Be7 12. c4 Bd7 13. Bb2 Rac8 14. Rac1 Rfd8 15. Ne5 Nxe5 16. Bxe5 Bc6 17. Bxc6 Rxc6 18. Rxd8+) 11... Be7 ({RR} 11... Rd8) 12. Nd3 Nd5 13. Bb2 Nb6 14. Rab1 Na5 15. Ba1 Rd8 16. c4 Naxc4 17. Nxc4 Nxc4 18. Bxb7 Bxb7 19. Rxb7 Bf6 20. Bxf6 gxf6 21. Rc1 Nd6 22. Re7 Nb5 23. a4 Kf8 24. Rb7 Nd6 25. Rbc7 {1-0 Gelfand,B (2758)-Ponomariov,R (2739) FIDE World Cup 2009 (7.6)}) 11. Nb3 Be7 ({RR} 11... Bb6 12. Bb2 Be6 13. e3 h6 14. c4 Nd7 15. c5 Bc7 16. Nfd2 a5 17. Ne4 a4 18. Nc1 a3 19. Bc3 O-O 20. Rb1 Rab8 21. Nb3 f5 22. Nd6 Bxb3 23. Rxb3 Nxc5 24. Nxb7 Nxb3 25. Bxc6 Kh7 26. axb3 {½-½ Bouvet,F (2251)-Abergel,T (2412) 38th Avoine Open 2024 (9.5)}) 12. Be3 $146 ({RR} 12. c4 Be6 13. c5 h6 14. Bb2 Nd7 15. Nfd2 a5 16. a4 O-O 17. Ba3 Rfd8 18. Rab1 Nf6 19. Rdc1 Rac8 20. Nc4 Bxc4 21. Rxc4 Nd5 22. Rd1 Nb6 23. Rxd8+ Rxd8 24. Rc1 Nxa4 25. Bxc6 bxc6 26. Nxa5 Rd5 {1-0 Tomashevsky,E (2695)-Adly,A (2594) Wch Blitz 8th 2014 (6)}) ({RR} 12. c4 O-O 13. Bb2 e4 14. Nfd4 Nxd4 15. Nxd4 Bd7 16. Nb5 Bc6 17. Rab1 Nd7 18. Nd6 Bxd6 19. Rxd6 Nb6 20. Rc1 Rfd8 21. c5 Rxd6 22. cxd6 Rd8 23. Ba3 f6 24. f3 Nc8 25. Rd1 exf3 26. exf3 Kf7 {½-½ Mikaelyan,A (2445)-Chigladze,I (2364) Tbilisi Gaprindashvili Cup 2015 (5)}) 12... Bf5 13. Nh4 Be4 14. f3 Bg6 15. Nc5 Na5 16. Bf2 Rc8 17. Nxg6 hxg6 18. Nd3 Nd7 19. Rab1 b6 20. Rb5 f6 21. Rd5 Rc7 22. h4 Nb8 23. f4 exf4 24. Nxf4 Rxc3 25. Nxg6 Rh6 26. Nxe7 Kxe7 27. Be1 Rc4 28. Rd8 Nac6 29. Rc8 Rh5 30. Rc7+ Kf8 31. Rc8+ Ke7 32. Bf3 Re5 33. Bf2 Rc2 34. Kf1 Re6 35. Bg4 Rd6 36. Rc7+ Kd8 37. Rc8+ Ke7 38. Rxd6 Kxd6 39. Be3 Nd7 40. Bf4+ Nde5 41. Rg8 Ke7 42. Bf5 Rxa2 43. Rxg7+ Kf8 44. Rc7 Nd4 45. Bd3 Nxd3 46. exd3 Ne6 47. Bd6+ Kg8 48. Re7 Ng7 49. Rd7 b5 50. g4 Ra4 51. g5 fxg5 52. hxg5 Nf5 53. Be5 Rg4 54. Bf6 a5 55. Kf2 Nh4 56. d4 b4 57. Rb7 Rg2+ 58. Kf1 Rd2 59. Rb5 Kf7 60. d5 Nf3 61. Rxa5 b3 62. Rb5 b2 63. Bxb2 Nxg5 64. Bc3 Rc2 65. Rb7+ Kg6 66. Bb4 Ne4 67. Re7 Kf5 68. d6 Nxd6 69. Bxd6 Kf6 70. Re8 Kf7 71. Re3 Kf6 72. Bg3 Kf5 73. Bf2 Kf4 74. Kg2 Ra2 75. Rd3 Ra4 76. Rh3 Ra2 77. Rh4+ Kg5 78. Rd4 Ra3 79. Bg3 Kf5 80. Rf4+ Kg5 81. Kh3 Rb3 82. Re4 Kf5 83. Re5+ Kf6 84. Rd5 Rb4 85. Rc5 Ke6 86. Be1 Re4 87. Bc3 Kd6 88. Rc8 Kd7 1/2-1/2

[Event "45th Olympiad 2024"]
[Site "Budapest HUN"]
[Date "2024.09.13"]
[Round "3.61"]
[Board "1"]
[White "Blackman, Justin"]
[Black "Mwali, Chitumbo"]
[Result "0-1"]
[WhiteElo "2265"]
[BlackElo "2312"]
[PlyCount "74"]
[EventDate "2024.09.11"]
[WhiteTeam "Barbados"]
[BlackTeam "Zambia"]
[WhiteTeamCountry "BAR"]
[BlackTeamCountry "ZAM"]

1. e4 e5 2. Nf3 Nc6 3. Bc4 Nf6 4. d3 Be7 5. O-O O-O 6. Nc3 d6 7. a4 h6 8. Bd2 Re8 ({RR} 8... Bg4 9. h3 Bh5 10. Nd5 Nd4 11. Nxf6+ Bxf6 12. g4 Nxf3+ 13. Qxf3 Bg6 14. b4 Bg5 15. Be3 c6 16. Kg2 Qe7 17. b5 Bxe3 18. fxe3 d5 19. exd5 e4 20. Qe2 Rad8 21. bxc6 bxc6 22. dxc6 exd3 23. cxd3 {1-0 Saine,Z (2013)-Proietti Cobas,J (2002) 28th Hotel Adriatico 2024 (4.9)}) 9. a5 a6 10. h3 Bf8 11. Nh2 $146 ({RR} 11. Nd5 Nxd5 12. Bxd5 Ne7 13. Bb3 Ng6 14. Re1 Qf6 15. Nh2 Be6 16. Ng4 Qh4 17. c3 c6 18. Bxe6 fxe6 19. Kh2 Nf4 20. Bxf4 exf4 21. Kg1 Rad8 22. d4 Qe7 23. Qd3 Qf7 24. Rad1 Be7 25. Nh2 Bf6 {1-0 Tari,A (2646)-Kociscak,J (2484) CZE-chT 2122 2021 (14.2)}) ({RR} 11. Nh4 Be6 12. Bxe6 Rxe6 13. Nf5 d5 14. Re1 dxe4 15. Nxe4 Nxe4 16. dxe4 Kh7 17. c3 Qd3 18. Re3 Qb5 19. b4 Rd8 20. Rf3 Qc4 21. Qe1 Rd7 22. Rg3 g6 23. Nh4 Red6 24. Nf3 Rd3 25. h4 Be7 {½-½ Ramoutar,A (2415)-Estremera Panos,S (2259) 48th Seville Open 2023 (7.5)}) 11... Be6 12. Ng4 Nxg4 13. hxg4 Qh4 14. Nd5 Bxg4 15. f3 Be6 16. Nxc7 d5 17. Be1 Qg5 18. Nxe6 Rxe6 19. Bxd5 Bc5+ 20. Bf2 Rg6 21. g4 Qf4 22. Kg2 Bxf2 23. Rxf2 h5 24. Kf1 Rh6 25. g5 Qxg5 26. c3 Rf6 27. Ke2 Ne7 28. Bc4 Ng6 29. Qh1 Rd8 30. Rd1 h4 31. Qh2 Nf4+ 32. Kf1 Rg6 33. Rdd2 h3 34. d4 Ng2 35. b3 Qe3 36. Rd1 Qxc3 37. Rfd2 Ne3+ 0-1

[Event "45th Olympiad 2024"]
[Site "Budapest HUN"]
[Date "2024.09.13"]
[Round "3.62"]
[Board "2"]
[White "Al Thebaiti, Ahmed M"]
[Black "Noboa Silva, Kevin"]
[Result "0-1"]
[WhiteElo "1993"]
[BlackElo "2270"]
[PlyCount "82"]
[EventDate "2024.09.11"]
[WhiteTeam "Saudi Arabia"]
[BlackTeam "Ecuador"]
[WhiteTeamCountry "SAU"]
[BlackTeamCountry "ECU"]

1. e4 c5 2. Nf3 e6 3. g3 Nc6 4. Bg2 Nf6 5. Qe2 d6 6. O-O Be7 7. c3 O-O 8. d3 ({RR} 8. d4 d5 9. e5 Ne4 10. Be3 Bd7 11. Rd1 Qb6 12. Ne1 f5 13. f3 Ng5 14. Nd3 cxd4 15. cxd4 Nxd4 16. Qf1 Ndxf3+ 17. Kf2 d4 18. Bf4 Nxh2 19. Qe2 Ng4+ 20. Kg1 Bc6 21. Nd2 Bxg2 22. Qxg2 Ne3 {0-1 Demchenko,A (2654)-Pichot,A (2625) Wch Blitz Warsaw 2021 (14)}) 8... Bd7 ({RR} 8... Rb8 9. h3 b5 10. a3 a5 11. Be3 d5 12. e5 Nd7 13. d4 b4 14. axb4 cxb4 15. Rc1 Rb6 16. c4 dxc4 17. Nfd2 c3 18. bxc3 Bb7 19. d5 Ncxe5 20. Bxb6 Qxb6 21. cxb4 axb4 22. Nb3 Bxd5 23. Bxd5 {1-0 Ceres,D (2438)-Grigoryan,K (2638) 12th Lorca Open 2023 (8.1)}) 9. Nbd2 Rc8 10. a4 $146 ({RR} 10. Ne1 b5 11. f4 Qa5 12. Nc2 b4 13. c4 Qc7 14. Nf3 a5 15. Ne3 Rfd8 16. g4 Nd4 17. Qf2 Bc6 18. g5 Nxf3+ 19. Qxf3 Nd7 20. Qh5 g6 21. Qh3 h5 22. f5 exf5 23. exf5 Bxg2 24. Qxg2 Ne5 {1-0 Szabo,L-Orbaan,C Wageningen Zonal 1957 (3)}) 10... a6 11. Rd1 Qc7 12. h3 b5 13. axb5 axb5 14. Nf1 Ne5 15. Ne1 Bc6 16. f4 Ned7 17. Be3 Nb6 18. Bf2 Qb7 19. Nd2 Na4 20. e5 Nd7 21. Ndf3 Rfd8 22. Qc2 Qb8 23. b3 Nab6 24. exd6 Bxd6 25. d4 c4 26. b4 Nf6 27. Ne5 Bxg2 28. Nxg2 Qb7 29. d5 Nfxd5 30. Ra5 Bxe5 31. fxe5 Na4 32. Be1 Ra8 33. Rxa8 Qxa8 34. Rd4 Qb8 35. Rh4 h6 36. Rh5 Ne7 37. Bd2 Rd3 38. Kh2 Qd8 39. Be1 Ng6 40. Qc1 Qd5 41. g4 Qf3 0-1

[Event "45th Olympiad 2024"]
[Site "Budapest HUN"]
[Date "2024.09.13"]
[Round "3.62"]
[Board "4"]
[White "Khayat, Emad"]
[Black "Munoz Sanchez, Miguel"]
[Result "0-1"]
[WhiteElo "1907"]
[BlackElo "2181"]
[PlyCount "68"]
[EventDate "2024.09.11"]
[WhiteTeam "Saudi Arabia"]
[BlackTeam "Ecuador"]
[WhiteTeamCountry "SAU"]
[BlackTeamCountry "ECU"]

1. d4 {Marin,Mihail} Nf6 2. Nf3 e6 3. c4 c5 4. d5 b5 5. dxe6 fxe6 6. cxb5 d5 7. Nc3 Be7 ({RR} 7... Nbd7 8. e4 d4 9. e5 Ng4 10. Ne4 Bb7 ({RR} 10... Ndxe5 11. Nxe5 Nxe5 12. Qh5+ Nf7 13. Nxc5 g6 14. Qf3 Bxc5 15. Qc6+ ({RR} 15. Qxa8 O-O) 15... Qd7 16. Qxc5 Bb7 17. f3 Rc8 18. Qa3 Qd5 19. Bd3 Nd6 20. O-O O-O ({RR} 20... Nxb5 21. Qa5) 21. Bh6) 11. Nfg5 ({RR} 11. Bd3 c4 12. Nxd4 Bb4+ 13. Nc3 Qh4 14. Qd2 ({RR} 14. g3 Nxf2 15. gxh4 Nxd1 16. Kxd1) 14... Ndxe5 ({RR} 14... cxd3) 15. Bf1 O-O 16. g3 Qh5) ({RR} 11. Qe2 Bd5 ({RR} 11... Ndxe5) 12. Nxd4 cxd4 13. Qxg4 Nxe5 14. Qh5+ Ng6 ({RR} 14... Nf7 15. Bd3 ({RR} 15. Ng5 g6 16. Nxf7 Kxf7 17. Qg4 Bb4+ 18. Bd2 Bxd2+ 19. Kxd2 Qa5+ 20. Kd1 Rhd8) 15... Bb4+ 16. Ke2 g6 17. Qh3 O-O) 15. Bd3 Bb4+ 16. Ke2 ({RR} 16. Bd2 Bxe4 17. Bxe4 Bxd2+ 18. Kxd2 O-O 19. f3 Rc8) 16... Qc7 17. a3 ({RR} 17. Rd1 O-O-O 18. Bg5 Qe5) 17... Be7 18. Bd2 ({RR} 18. Ng5 Qe5+ 19. Kf1 O-O-O) 18... O-O 19. Rhc1 Qb7 20. f3 Rf5 21. Qh3 Ne5 22. a4 Nxd3 23. Kxd3 a6) 11... Ndxe5 12. f4 ({RR} 12. Be2 Bxe4 ({RR} 12... Nf6 13. Nxe6) 13. Nxe4 Qd5 14. Ng3 h5 ({RR} 14... Nf6 15. f4) 15. h3 Nf6 16. f4 Qxg2) 12... Bxe4 13. fxe5 Bf5 14. Bd3 Bxd3 ({RR} 14... Qd5 15. O-O g6 16. Bf4 ({RR} 16. Qe2 Bg7 17. Bc4 Qxe5 18. Qxe5 Bxe5 19. Nxe6 ({RR} 19. h3 Ne3) 19... Bxh2+ 20. Kh1 Bd6) 16... Be7 ({RR} 16... Bg7 17. Be4 Bxe4 18. Nxe4 Qxe4 19. Qxg4 Qd5 20. Bg5) 17. Be4 Bxe4 18. Nxe4 Nxe5) 15. Qxd3 Nxe5 16. Qh3 Qf6 17. Nxe6 ({RR} 17. Qxe6+ Be7) ({RR} 17. Rf1 Qg6 18. Nxe6 Nd3+ 19. Ke2 Qe4+ 20. Kd1) 17... Nd3+ 18. Ke2 ({RR} 18. Qxd3 Qxe6+ 19. Kd1 O-O-O) 18... c4 19. Nc7+ ({RR} 19. Rf1 Nxc1+ 20. Raxc1 d3+ 21. Ke3 Qe5+ 22. Kf2 Bc5+ 23. Nxc5 O-O+) 19... Kd8 20. Ne6+ ({RR} 20. Bg5 Kxc7 21. Bxf6 Nf4+) 20... Ke8 ({RR} 20... Ke7 21. Bg5 Qxg5 22. Nxg5 Nf4+ 23. Kf3 Nxh3 24. gxh3 Kf6 25. Ne4+ ({RR} 25. Kg4 h5+ 26. Kh4 Re8) 25... Ke5 26. Rhe1 Bb4) 21. Nc7+ ({RR} 21. Rf1 Qe5+ 22. Kd1) 21... Kd8 22. Ne6+ {½-½ Mamedyarov,S (2757)-Nisipeanu,L (2693) Sofia MTel Masters 3rd 2007 (4)}) ({RR} 7... Bb7) 8. e4 O-O $146 ({RR} 8... a6 9. Bg5 d4 10. Bxf6 gxf6 11. Nb1 Qa5+ 12. Nbd2 axb5 13. b4 Qxb4 14. Rb1 Qa5 15. Bxb5+ Bd7 16. a4 Nc6 17. O-O O-O 18. Nb3 Qa7 19. Nbd2 Rfb8 20. Nc4 Nb4 21. Bxd7 Qxd7 22. a5 Qc6 23. Nfd2 {½-½ Sakaev,K (2633)-Ovetchkin,R (2554) RUS-chT 14th 2007 (8)}) ({RR} 8... d4 9. e5 dxc3 10. exf6 Qxd1+ 11. Kxd1 Bxf6 12. Kc2 Bb7 13. bxc3 Be4+ 14. Bd3 Bxd3+ 15. Kxd3 O-O 16. Kc2 Nd7 17. Re1 e5 18. Be3 Rfc8 19. Nd2 a6 20. a4 Rcb8 21. bxa6 Rxa6 22. Nc4 Rba8 23. a5 {1-0 Hovakimyan,V (2202)-Vargas Pereda,J (1930) Titled Tue 28th May Late 2024 (1)}) ({RR} 8... d4 9. e5 Ng4 10. Ne4 Nd7 11. Nfg5 Ndxe5 12. f4 O-O 13. fxe5 Nxe5 14. Qb3 Qd5 15. Qxd5 exd5 16. Ng3 Bg4 17. Be2 Rae8 18. Bxg4 Bxg5 19. Bh5 Bxc1 20. Rxc1 Nd3+ 21. Kd2 Rf2+ 22. Ne2 Nxc1 23. Rxc1 {0-1 Gijswijt,B (2321)-Van Kerkhof,D (2371) Haarlem Masters 2018 (8)}) 9. Bd3 Nbd7 10. O-O Bb7 11. Ng5 Qb6 12. exd5 exd5 13. Re1 Bd6 14. Ne6 c4 15. Nxf8 Rxf8 16. Bf1 Ng4 17. Be3 Bxh2+ 18. Kh1 Nxf2+ 19. Bxf2 Qxf2 20. Kxh2 Rf4 21. Qh5 Rh4+ 22. Qxh4 Qxh4+ 23. Kg1 Nf6 24. Be2 h5 25. Rad1 d4 26. Bxc4+ Kh8 27. Na4 Qg3 28. Re2 Ng4 29. Re8+ Kh7 30. Bd3+ g6 31. Re7+ Kh6 32. Be4 Qf2+ 33. Kh1 Qh4+ 34. Kg1 Qxe7 0-1

[Event "45th Olympiad 2024"]
[Site "Budapest HUN"]
[Date "2024.09.13"]
[Round "3.63"]
[Board "1"]
[White "Njoroge, Martin"]
[Black "Wiedenkeller, Michael"]
[Result "0-1"]
[WhiteElo "1972"]
[BlackElo "2406"]
[PlyCount "108"]
[EventDate "2024.09.11"]
[WhiteTeam "Kenya"]
[BlackTeam "Luxembourg"]
[WhiteTeamCountry "KEN"]
[BlackTeamCountry "LUX"]

1. d4 d5 2. c4 dxc4 3. e3 Nf6 4. Bxc4 e6 5. Nf3 c5 6. O-O a6 7. Qe2 b5 8. Bd3 cxd4 9. exd4 Be7 10. Be3 $146 ({RR} 10. a4 bxa4 11. Nc3 O-O 12. Ne4 Bb7 13. Nc5 Bxc5 14. dxc5 Qc7 15. Bg5 Nbd7 16. Rfc1 Bxf3 17. Qxf3 Ne5 18. Qg3 Nh5 19. Qh3 Nxd3 20. Qxd3 Qe5 21. Qd2 Rab8 22. Rc2 f6 23. Be3 Rfd8 24. Qa5 f5 {1-0 Borisenko,G-Suetin,A URS-ch32 Final 1964 (6)}) ({RR} 10. a4 bxa4 11. Nc3 O-O 12. Nxa4 Nc6 13. Rd1 Nb4 14. Bc4 Bb7 15. Ne5 Bd5 16. b3 a5 17. Bf4 Rc8 18. h3 Nd7 19. Nxd7 Qxd7 20. Nb6 Qb7 21. Nxc8 Rxc8 22. f3 Qb6 23. Kh1 h6 24. Rac1 Rd8 {½-½ Wojtaszek,R (2727)-Dominguez Perez,L (2732) China Elite Mind blitz 2016 (20)}) ({RR} 10. a4 b4 11. Nbd2 Bb7 12. a5 Nc6 13. Nb3 O-O 14. Bg5 Nd5 15. Nc5 Bxg5 16. Nxb7 Qe7 17. Bxa6 Bf6 18. Qc4 Nxd4 19. Nxd4 Bxd4 20. Qxd4 Rxa6 21. Nc5 Qa7 22. Nb3 Qxd4 23. Nxd4 Rc8 24. Rfc1 Rxc1+ {½-½ Zhou Jianchao (2558)-Matviishen,V (2527) 32nd North American Open 2022 (7)}) ({RR} 10. Bg5 Bb7 11. a4 b4 12. Nbd2 O-O 13. Nc4 Nc6 14. Rfd1 Kh8 15. Nce5 Qd5 16. Bc4 Qd8 17. Nxc6 Bxc6 18. Ne5 Bb7 19. Rd3 Ne4 20. Bxe7 Qxe7 21. d5 Nd6 22. Bb3 f6 23. Nc6 Bxc6 24. dxc6 Rac8 {1-0 Portisch,L-Wettstein,M Adelaide Lidums op 1971 (3)}) 10... O-O 11. Nbd2 Bb7 12. Rac1 Nbd7 13. Ne5 Rc8 14. Ndf3 Nb6 15. Rfd1 Qd5 16. Bb1 Rfd8 17. Nd3 Rxc1 18. Rxc1 Qh5 19. Nf4 Bxf3 20. gxf3 Qh4 21. Ng2 Qh5 22. Nf4 Qg5+ 23. Ng2 Qd5 24. Nf4 Qd7 25. Nd3 Rc8 26. Rd1 Nbd5 27. Nc5 Qc6 28. Ne4 Nh5 29. Qd3 g6 30. Qf1 Ndf4 31. Kh1 Qd5 32. Rc1 Rd8 33. a4 f5 34. Nd2 Bb4 35. Ne4 fxe4 36. fxe4 Qb7 37. Qd1 Rc8 38. Qg4 Rxc1+ 39. Bxc1 Qc7 40. Be3 Qc4 41. h3 Qf1+ 42. Kh2 Qxb1 43. Bxf4 Qxe4 44. Be5 Qxg4 45. hxg4 Ng7 46. axb5 axb5 47. Kg3 Ne8 48. Kf3 Nd6 49. b3 h5 50. Kg3 Ne4+ 51. Kf4 Nxf2 52. gxh5 Nd3+ 53. Kg5 Nxe5 54. dxe5 gxh5 0-1

[Event "45th Olympiad 2024"]
[Site "Budapest HUN"]
[Date "2024.09.13"]
[Round "3.64"]
[Board "1"]
[White "Bagheri, Amir"]
[Black "Thomas, Saah"]
[Result "1-0"]
[WhiteElo "2372"]
[BlackElo "1939"]
[PlyCount "111"]
[EventDate "2024.09.11"]
[WhiteTeam "Monaco"]
[BlackTeam "Liberia"]
[WhiteTeamCountry "MNC"]
[BlackTeamCountry "LBR"]

1. d4 Nf6 2. Nf3 d5 3. c4 e6 4. g3 b6 5. cxd5 exd5 6. Nc3 Be7 7. Bg2 O-O 8. O-O Bb7 9. Ne5 a6 ({RR} 9... c6 10. e4 dxe4 11. Nxe4 Nd5 12. Nc3 Bf6 13. Nxd5 cxd5 14. Bf4 Nc6 15. Rc1 Nxe5 16. dxe5 Be7 17. Qa4 a6 18. Be3 f6 19. e6 Rb8 20. Rfd1 Qe8 21. Qd7 Qxd7 22. exd7 d4 23. Bf4 Bxg2 24. Bxb8 {1-0 Gheorghiu,F (2550)-Mariotti,S (2455) Biel-15 GM 1982 (9)}) 10. Bf4 ({RR} 10. b3 Re8 11. Bb2 Nbd7 12. Rc1 Bd6 13. f4 c5 14. e3 cxd4 15. exd4 b5 16. Qd3 Rc8 17. Rfe1 Nb6 18. h3 b4 19. Nd1 Rxc1 20. Bxc1 Ne4 21. Nf2 f6 22. Neg4 h5 23. Nh2 Nxg3 24. Rxe8+ Qxe8 {0-1 Lajbl,J (2235)-Cerveny,M (2388) TCh-CZE 1 Liga Zapad 2023 (9.3)}) 10... c5 $146 ({RR} 10... Nc6 11. Rc1 Na5 12. Qa4 Qe8 13. Rfd1 Rd8 14. a3 c6 15. Qc2 c5 16. dxc5 bxc5 17. b3 d4 18. Bxb7 Nxb7 19. Na4 Nd5 20. Nd3 Nxf4 21. Nxf4 Bg5 22. Qd3 Bxf4 23. gxf4 Qc6 24. Rc2 Rd6 25. f5 {½-½ Lin,Y (2403)-Kyaw,L (2289) Ho Chi Minh City HD Bank op 7th 2017 (7)}) ({RR} 10... Nc6 11. Rc1 Nxe5 12. dxe5 Ne4 13. Nxe4 dxe4 14. Qc2 Rc8 15. Bh3 Rb8 16. Rfd1 Qe8 17. Bd7 Qd8 18. Qxc7 Qxc7 19. Rxc7 Bc5 20. Bh3 Rbd8 21. Rxd8 Rxd8 22. Rxb7 h6 23. e6 Rd1+ 24. Kg2 fxe6 25. Bxe6+ {1-0 Hejazipour,M (2345)-Velieva,H (2056) Asia-chT blitz (Women) 5th 2017 (3.2)}) 11. dxc5 bxc5 12. Qb3 Ra7 13. Rfd1 c4 14. Nxc4 Ba8 15. Ne3 Rb7 16. Nexd5 Rxb3 17. Nxf6+ Bxf6 18. Rxd8 Rxd8 19. axb3 g5 20. Bxg5 Bxg5 21. Bxa8 Bf6 22. Bb7 Rd7 23. Bc8 Ra7 24. b4 Nc6 25. Rxa6 Rxa6 26. Bxa6 Nxb4 27. Bc4 Bd4 28. e3 Ba7 29. Ne4 Kg7 30. Nd6 f6 31. Kg2 Nc2 32. Ne8+ Kh8 33. Kf3 Bb8 34. Ke4 Be5 35. b3 Nb4 36. Kf5 Bc3 37. Nxf6 Be1 38. Ne4 Kg7 39. h4 h6 40. g4 Nc6 41. Ke6 Bb4 42. Ng3 Be1 43. Nf5+ Kg6 44. h5+ Kg5 45. f4+ Kxg4 46. Be2+ Kh3 47. Nxh6 Kg2 48. Nf5 Kf2 49. Bb5 Nb4 50. h6 Kf3 51. h7 Bc3 52. Nd4+ Kxe3 53. h8=Q Bxd4 54. Qh3+ Kxf4 55. Qh4+ Ke3 56. Qe1+ 1-0

[Event "45th Olympiad 2024"]
[Site "Budapest HUN"]
[Date "2024.09.13"]
[Round "3.64"]
[Board "2"]
[White "Barcon, Harmon"]
[Black "Levacic, Damir"]
[Result "0-1"]
[WhiteElo "1968"]
[BlackElo "2097"]
[PlyCount "92"]
[EventDate "2024.09.11"]
[WhiteTeam "Liberia"]
[BlackTeam "Monaco"]
[WhiteTeamCountry "LBR"]
[BlackTeamCountry "MNC"]

1. e4 d6 2. d4 Nf6 3. Bd3 g6 4. Nf3 Bg7 5. O-O O-O 6. h3 Nc6 7. c3 e5 8. a3 ({RR} 8. Na3 exd4 9. cxd4 Re8 10. Re1 a6 11. Nc2 h6 12. Bf4 d5 13. e5 Ne4 14. Nd2 Bf5 15. Nxe4 dxe4 16. Bxe4 Bxe4 17. Rxe4 Qd5 18. Re1 Rad8 19. Be3 Ne7 20. Nb4 Qb5 21. Qb3 Nf5 22. Rac1 a5 {½-½ Svetushkin,D (2574)-Bortnyk,O (2566) Chebanenco Memorial rapid 2017 (2)}) 8... h6 ({RR} 8... d5 9. dxe5 Nxe4 10. Bxe4 dxe4 11. Nd4 Nxe5 12. Be3 Qh4 13. Nd2 Re8 14. g3 Qxh3 15. Nxe4 Ng4 16. Nf3 Nxe3 17. fxe3 Rxe4 18. Qd8+ Bf8 19. Kf2 Re7 20. Rad1 b6 21. Qd5 Rb8 22. Rh1 Qe6 23. Qxe6 {0-1 Klawitter,B (1593)-Ziefle,S Hamburg HSK Christmas op 4th 2018 (2)}) 9. Nbd2 $146 ({RR} 9. Re1 a6 10. Be3 Re8 11. Qc2 Nh5 12. g4 Qf6 13. Qd1 Nf4 14. Bxf4 Qxf4 15. d5 Nb8 16. Nh2 Nd7 17. b4 Nf6 18. Qd2 h5 19. Qxf4 exf4 20. f3 Nxd5 21. Rc1 Ne3 22. Ra2 Be6 23. Re2 c5 {0-1 Haskaj,F-Henrichs,T (2410) Duesseldorf Nord Cup 3rd 1997 (4)}) ({RR} 9. Kh2 Nd7 10. d5 Ne7 11. c4 f5 12. Nc3 a5 13. b3 Nf6 14. Ra2 c5 15. Nh4 Bd7 16. a4 Ne8 17. g3 f4 18. Nf3 g5 19. g4 Ng6 20. Ne1 Nf6 21. f3 h5 22. Ng2 Rf7 23. Kg1 Bf8 {0-1 Zielinski,O (1926)-Yrjola,J (2357) Rhodes Colossus op 2015 (5)}) 9... Nh5 10. Nb3 Qf6 11. Re1 Nf4 12. Bf1 g5 13. Bxf4 Qxf4 14. g3 Qf6 15. d5 Ne7 16. Nh2 Qg6 17. g4 Qf6 18. Qf3 Ng6 19. Qxf6 Bxf6 20. Nd2 Nf4 21. Nc4 h5 22. Ne3 Kg7 23. Nf5+ Kg6 24. gxh5+ Nxh5 25. Be2 Nf4 26. Bg4 Rh8 27. Re3 Nxd5 28. exd5 Bxf5 29. Bxf5+ Kxf5 30. Rf3+ Kg6 31. Ng4 Bg7 32. c4 e4 33. Rb3 b6 34. Kg2 f5 35. Ne3 Be5 36. Re1 Rh4 37. a4 Rah8 38. Nd1 a5 39. Rbe3 Bd4 40. Rb3 Bc5 41. Kh2 g4 42. Kg2 Rxh3 43. Rxh3 Rxh3 44. Nc3 Bb4 45. Re3 Bxc3 46. bxc3 Rf3 0-1

[Event "45th Olympiad 2024"]
[Site "Budapest HUN"]
[Date "2024.09.13"]
[Round "3.64"]
[Board "3"]
[White "Meylan, Andre"]
[Black "David Leroy Debblay"]
[Result "1-0"]
[WhiteElo "2165"]
[BlackElo "1904"]
[PlyCount "75"]
[EventDate "2024.09.11"]
[WhiteTeam "Monaco"]
[BlackTeam "Liberia"]
[WhiteTeamCountry "MNC"]
[BlackTeamCountry "LBR"]

1. e4 e6 2. d4 d5 3. Nd2 c5 4. exd5 Qxd5 5. Ngf3 Nf6 6. Bc4 Qd8 7. O-O cxd4 8. Nb3 Be7 9. Nbxd4 O-O 10. Qe2 a6 11. Bf4 ({RR} 11. Re1 Nc6 12. Nxc6 bxc6 13. Ne5 Qc7 14. Bf4 Bd6 15. Bg3 Bb7 16. Rad1 Nd5 17. Bd3 Rad8 18. c4 Nf6 19. c5 Bxc5 20. Ng6 Qb6 21. Nxf8 Bxf8 22. Bh4 Be7 23. Be4 a5 24. Rxd8+ Qxd8 25. Qc2 Nxe4 {1-0 Birkisson,B (2189)-Abbott,J (1852) Reykjavik Open 2024 (4.116)}) 11... Qb6 12. c3 $146 ({RR} 12. Bb3 Nc6 13. Nxc6 Qxc6 14. Rfe1 Nd5 15. Bg3 Bf6 16. c4 Ne7 17. Rad1 Nf5 18. Be5 Be7 19. Bc3 b6 20. Bc2 Ra7 21. Ne5 Qc7 22. Rd3 f6 23. Ng4 Qxc4 24. Bb3 Qc6 25. Ne3 Nxe3 26. Rxe3 Bc5 {1-0 Kosten,A (2510)-Hempson,P (2225) BCF-ch Blackpool 1988}) ({RR} 12. Bb3 Nc6 13. Nxc6 Qxc6 14. Ne5 Qe4 15. Qxe4 Nxe4 16. Nc4 Bc5 17. Rad1 b5 18. Nd6 Bxd6 19. Bxd6 Rd8 20. Bb4 Bb7 21. f3 Nf6 22. Ba5 Rxd1 23. Rxd1 Nd5 24. Be1 Rc8 25. c3 Kf8 26. Bf2 Ke7 {1-0 Fabre Massana,M (2232)-Parramon Arimany,M (1997) Castell de Tona op 2nd 2012 (4)}) 12... Nc6 13. Nxc6 Qxc6 14. Rfe1 b5 15. Bb3 Bb7 16. Qf1 Rad8 17. Nd4 Qb6 18. Bg5 Bd5 19. Nf5 exf5 20. Rxe7 Bxb3 21. axb3 Nd5 22. Ree1 f6 23. Bd2 Rfe8 24. c4 Rxe1 25. Qxe1 Nc7 26. Ba5 Qc6 27. cxb5 Qd6 28. Bxc7 Qxc7 29. bxa6 Ra8 30. Qc3 Qd6 31. a7 h6 32. Qf3 Qd8 33. b4 g5 34. b5 g4 35. Qb3+ Kg7 36. b6 Qe7 37. Qd5 Qe8 38. g3 1-0